[Event "Buenos Aires m"]
[Site "Buenos Aires"]
[Date "1971.??.??"]
[Round "3"]
[White "Garcia, Horacio"]
[Black "Panno, Oscar"]
[Result "0-1"]
[WhiteElo "2200"]
[BlackElo "2570"]

1.e4 e6 2.d4 d5 3.Nd2 Nc6 4.Bb5 dxe4 5.Nxe4 Qd5 6.Qd3 Bd7 7.Nf3 Nb4 8.Bxd7+ Qxd7
9.Qe2 Nf6 10.Nxf6+ gxf6 11.O-O Qd5 12.a3 Nc6 13.Rd1 O-O-O 14.c4 Qh5 15.b4 Rg8
16.g3 Qg4 17.Bb2 Bg7 18.b5 Ne7 19.a4 Nf5 20.a5 Nh4 21.Rd3 f5 22.Rad1 Nxf3+
23.Qxf3 Qxf3 24.Rxf3 Rd7 25.Rfd3 Rgd8 26.R1d2 Rd6 27.Kf1 a6 28.c5 Rd5 29.bxa6 bxa6
30.f4 Kd7 31.Ke2 Rb8 32.Bc3 Rb3 33.Ke3 Kc6 34.Rg2 Rxc3  0-1

[Event "Rubinstein mem"]
[Site "Polanica Zdroj"]
[Date "1971.??.??"]
[Round "10"]
[White "Estrin, Yacov"]
[Black "Troianescu, Octavio"]
[Result "1-0"]
[WhiteElo "2400"]
[BlackElo "2330"]

1.e4 e6 2.d4 d5 3.Nd2 Nc6 4.Ngf3 g6 5.c3 Bg7 6.Bb5 Bd7 7.O-O Nge7 8.Re1 O-O
9.Qe2 a6 10.Bd3 f6 11.h4 Be8 12.Nb3 Bf7 13.Nc5 Qc8 14.Bf4 Re8 15.e5 f5 16.Bg5 a5
17.Bb5 h6 18.Bf6 Kh7 19.Qe3 Rb8 20.Kh2 Rh8 21.Rh1 Be8 22.Kg1 Ra8 23.Qe2 Rf8
24.Re1 Kg8 25.g3 b6 26.Nd3 Bxf6 27.exf6 Rxf6 28.Nf4 Bd7 29.Kg2 Kg7 30.Qe3 Qg8
31.Ne5 Qe8 32.Nxd7 Qxd7 33.Nxe6+ Kf7 34.Bxc6 Nxc6 35.Qxh6 Kg8 36.Nf4 Qf7
37.h5 gxh5 38.Qg5+ Kf8 39.Qxh5  1-0

[Event "Reggio Emilia"]
[Site "Reggio Emilia"]
[Date "1971.??.??"]
[Round "1"]
[White "Richter, Juergen"]
[Black "Skalkotas, Nikolaos"]
[Result "1/2-1/2"]
[WhiteElo "2385"]
[BlackElo "2260"]

1.e4 e6 2.d4 d5 3.Nd2 Nc6 4.c3 e5 5.dxe5 dxe4 6.Bb5 Qd5 7.Qe2 Bd7 8.Nxe4 Nxe5
9.Bxd7+ Qxd7 10.Nc5 Bxc5 11.Qxe5+ Qe7 12.Qxe7+ Nxe7 13.Nf3  1/2-1/2

[Event "Hoogovens-B"]
[Site "Wijk aan Zee"]
[Date "1971.??.??"]
[Round "?"]
[White "Adorjan, Andras"]
[Black "Krabbe, Tim"]
[Result "1-0"]
[WhiteElo "2460"]
[BlackElo "2300"]

1.e4 e6 2.d4 d5 3.Nd2 Nc6 4.c3 b6 5.Ngf3 dxe4 6.Nxe4 Qd5 7.Bd3 Nf6 8.Qe2 Bb7
9.Nxf6+ gxf6 10.Be4 Qd6 11.g3 O-O-O 12.Bf4 Qd7 13.O-O-O Ne7 14.Bxb7+ Kxb7
15.Kb1 Nf5 16.Rhe1 Bg7 17.Nd2 Nd6 18.Qg4 Rhg8 19.Qh5 Rh8 20.Bxd6 cxd6 21.d5 f5
22.Nc4 e5 23.Ne3 f4 24.Nf5 Bf6 25.Nh6 Rhf8 26.gxf4 exf4 27.Qf5 Qxf5+ 28.Nxf5 Kc7
29.Rg1 Be5 30.Kc2 Rg8 31.Ne7 Rxg1 32.Rxg1 b5 33.Nc6 Re8 34.Rg5 h6 35.Rh5 Rg8
36.Kd3 Kb6 37.Nxe5 dxe5 38.Rxh6+ Kc5 39.Ke4 f5+ 40.Kxe5 Re8+ 41.Re6  1-0

[Event "Hoogovens-B"]
[Site "Wijk aan Zee"]
[Date "1971.??.??"]
[Round "?"]
[White "Witkowski, Stefan"]
[Black "Krabbe, Tim"]
[Result "0-1"]
[WhiteElo "2340"]
[BlackElo "2300"]

1.e4 e6 2.d4 d5 3.Nd2 Nc6 4.c3 e5 5.exd5 Qxd5 6.Ngf3 exd4 7.Bc4 Qh5 8.O-O Nf6
9.Nxd4 Qxd1 10.Rxd1 Nxd4 11.cxd4 Be7 12.Re1 c6 13.b3 Nd5 14.Bxd5 cxd5 15.Ba3 Be6
16.Bxe7 Kxe7 17.Rac1 Rac8 18.b4 Kd6 19.Kf1 Bd7 20.Ke2 Rhe8+ 21.Kf3 Bb5 22.Rxc8 Rxc8
23.a4 Rc3+ 24.Kf4 Bd7 25.b5 f6 26.h4 g6 27.Nf3 h6 28.g4 Rd3 29.Rg1 g5+ 30.hxg5 hxg5+
31.Kg3 f5 32.Kg2 fxg4 33.Nxg5 Rxd4 34.Ra1 Rf4 35.Kg3 Rb4 36.Nf7+ Kc5 37.f4 Rb3+
38.Kh4 d4 39.Ne5 Bf5 40.Kg5 Be4 41.f5 d3 42.f6 Bd5 43.f7 Bxf7 44.Nxf7 Kd4
45.Kxg4 d2 46.Nd6 Rd3 47.Rd1 Kc3 48.Nxb7 Kc2 49.Rxd2+ Rxd2 50.Kf5 Kb3 51.b6 axb6
52.a5 Rd5+ 53.Ke6 Rxa5 54.Kd6 Ra7 55.Nd8 b5 56.Kc5 b4 57.Ne6 Kc3  0-1

[Event "Islington op"]
[Site "Islington"]
[Date "1972.12.16"]
[Round "2"]
[White "Brilliant, AN."]
[Black "Ashby, Alan P"]
[Result "0-1"]
[WhiteElo "2120"]
[BlackElo "2080"]

1.e4 e6 2.d4 d5 3.Nd2 Nc6 4.Ngf3 Nf6 5.e5 Nd7 6.Nb3 Be7 7.c3 f6 8.Bb5 O-O
9.exf6 Bxf6 10.O-O e5 11.Bxc6 bxc6 12.Na5 e4 13.Nxc6 Qe8 14.Nd2 Qe6 15.Nb4 a5
16.Nc2 Ba6 17.c4 c5 18.Re1 cxd4 19.cxd5 Qxd5 20.Nxe4 Rad8 21.Bd2 Be5 22.Bg5 Rb8
23.Rb1 d3 24.b3 Bb7 25.Na3 Bc3 26.Re3 Bd4 27.f3 h6 28.Kh1 Bxe3 29.Bxe3 Ne5
30.Bc5 Rfe8 31.Bd6 Rbd8 32.Bxe5 Qxe5 33.Nc4 Qf4 34.Nc5 d2 35.Qf1 Bxf3 36.gxf3 Re1
37.Rxe1 dxe1=Q 38.Qxe1 Qxf3+ 39.Kg1 Rd1  0-1

[Event "WchT U26"]
[Site "Graz"]
[Date "1972.??.??"]
[Round "3"]
[White "De Villiers, Charles"]
[Black "Skalkotas, Nikolaos"]
[Result "0-1"]
[WhiteElo "2200"]
[BlackElo "2245"]

1.e4 e6 2.d4 d5 3.Nd2 Nc6 4.Ngf3 Nf6 5.e5 Nd7 6.c3 f6 7.exf6 Qxf6 8.Bb5 Bd6
9.O-O O-O 10.Qa4 a6 11.Bxc6 bxc6 12.c4 c5 13.Re1 cxd4 14.cxd5 Nc5 15.Qxd4 Qxd4
16.Nxd4 exd5 17.N2f3 Bd7 18.b3 Ne4 19.Bb2 g5 20.h3 h5 21.Rab1 c5 22.Nc2 Rae8
23.Ne3 Bc6 24.Rbd1 d4 25.Nc4 Bb8 26.Re2 g4 27.hxg4 hxg4 28.Nfd2 d3 29.Re3 Nxf2
30.Rxe8 Rxe8 31.Kxf2 Re2+ 32.Kg1 Rxg2+ 33.Kf1 Rh2 34.Re1 Rh7 35.Kf2 g3+  0-1

[Event "WchT U26"]
[Site "Graz"]
[Date "1972.??.??"]
[Round "6"]
[White "Velikov, Petar"]
[Black "Birnboim, Nathan"]
[Result "0-1"]
[WhiteElo "2335"]
[BlackElo "2200"]

1.e4 e6 2.d4 d5 3.Nd2 Nc6 4.c3 e5 5.exd5 Qxd5 6.Ngf3 exd4 7.Bc4 Qh5 8.O-O Nf6
9.cxd4 Be7 10.Ne5 Qxd1 11.Rxd1 Nd8 12.Ndf3 c6 13.Bg5 O-O 14.Rac1 Re8 15.Nd3 Bg4
16.Nc5 h6 17.Bh4 Bxf3 18.gxf3 Nd5 19.Bxe7 Rxe7 20.Re1 Ne6 21.Bxd5 cxd5 22.Re5 Rd8
23.Rce1 Rd6 24.f4 g6 25.f5 gxf5 26.Rxf5 b6 27.Nxe6 fxe6 28.Rfe5 Rg7+ 29.Kf1 Kf7
30.f3 Rc6 31.Kf2 Rg6 32.R5e2 b5 33.Rd1 a5 34.Rdd2 Rg8 35.Rc2 Rgc8 36.Rxc6 Rxc6
37.Ke3 b4 38.Kd3 Kf6 39.Re1 Rc7 40.Rg1 Rc8 41.Kd2 a4 42.Rg2 Rc4 43.Kd3 a3
44.h4 Kf5 45.Ke3 axb2 46.Rxb2 Rc3+ 47.Ke2 Ra3 48.Rxb4 Rxa2+ 49.Ke3 Ra3+ 50.Ke2 Kf4
51.Rb8 Re3+ 52.Kd2 Kxf3 53.Rg8 Re4 54.Kd3 Rg4 55.Re8 Re4 56.Rg8 Re3+ 57.Kd2 Ke4
58.Rg4+ Kf5 59.Rg8 Re4 60.Kd3 Rxh4 61.Rf8+ Kg5 62.Rg8+ Kf6 63.Rh8 h5 64.Ke3 Re4+
65.Kd3 h4 66.Rg8 Kf5 67.Rg7 h3  0-1

[Event "Rubinstein mem"]
[Site "Polanica Zdroj"]
[Date "1972.??.??"]
[Round "9"]
[White "Ermenkov, Evgenij"]
[Black "Holm Petersen, Sejer"]
[Result "1/2-1/2"]
[WhiteElo "2410"]
[BlackElo "2395"]

1.e4 e6 2.d4 d5 3.Nd2 a6 4.Bd3 c5 5.dxc5 Bxc5 6.Ngf3 Nc6 7.c3 Nge7 8.Qe2 O-O
9.Nb3 Ba7 10.e5 Ng6 11.Bxg6 hxg6 12.Be3 a5 13.Bxa7 Rxa7 14.Qe3 a4 15.Nbd4 Nxd4
16.Qxd4 Ra6 17.a3 Bd7 18.O-O Qe7 19.Rad1 Rc8 20.Qg4 Rc4 21.Nd4 Kf8 22.Rfe1 Ke8
23.Rd2 Kd8 24.Re3 Kc7 25.f4 Ra8 26.Rh3 Kb6 27.Rh7 Rg8 28.Qg5 Qf8 29.Qh4 Rc7
30.Rd3 Bb5 31.Rh3 Qc5 32.Qf2 Ka6 33.Rh8 Rcc8 34.Rxg8 Rxg8 35.Nc2 b6 36.Qd4 Bc4
37.Re3 Bb3 38.Nb4+ Ka5 39.Kf2 Rh8 40.h3 Rc8 41.g3 Qxd4 42.cxd4 Rc1 43.Re1 Rxe1  1/2-1/2

[Event "Sarajevo"]
[Site "Sarajevo"]
[Date "1972.??.??"]
[Round "6"]
[White "Minic, Dragoljub"]
[Black "Rajkovic, Dusan"]
[Result "1-0"]
[WhiteElo "2460"]
[BlackElo "2390"]

1.e4 e6 2.d4 d5 3.Nd2 Nc6 4.Ngf3 Nf6 5.e5 Nd7 6.Nb3 a5 7.a4 b6 8.Bf4 Be7
9.h4 Ba6 10.Bxa6 Rxa6 11.c3 Na7 12.Rh3 c5 13.Rg3 c4 14.Nbd2 g6 15.h5 Nf8
16.h6 Qb8 17.Bg5 Nc6 18.Bxe7 Nxe7 19.Ng5 Ra7 20.Qf3 Ng8 21.b3 cxb3 22.c4 Qd8
23.Qxb3 Nxh6 24.Qb5+ Rd7 25.Ngf3 Nf5 26.Rh3 Ne7 27.Rb1 Nc8 28.Rh6 Qc7 29.Ke2 Ke7
30.Rhh1 Rd8 31.Rhc1 Qd7 32.Qb3 h6 33.c5 bxc5 34.Rxc5 Qa7 35.Qc3 Ke8 36.Ke1 Qd7
37.Rc7 Qxa4 38.Rxc8 Nd7 39.Rc7 Ke7 40.Ra1  1-0

[Event "Skopje ol (Men) fin-A"]
[Site "Skopje"]
[Date "1972.??.??"]
[Round "1"]
[White "Ghizdavu, Dumitru"]
[Black "Padevsky, Nikola"]
[Result "0-1"]
[WhiteElo "2385"]
[BlackElo "2430"]

1.e4 e6 2.d4 d5 3.Nd2 a6 4.Ngf3 Nf6 5.e5 Nfd7 6.Bd3 c5 7.c3 Nc6 8.O-O b5
9.Re1 c4 10.Bc2 Be7 11.b3 Nb6 12.bxc4 Nxc4 13.Nxc4 bxc4 14.h4 h6 15.g3 Bd7
16.Nh2 Qa5 17.Re3 Rb8 18.Qg4 Bf8 19.Rf3 Nd8 20.a4 Rb7 21.Qf4 Bc6 22.g4 g6
23.h5 g5 24.Qe3 Be7 25.Rg3 Kd7 26.Nf3 Kc8 27.Kg2 Rf8 28.Ng1 f6 29.exf6 Rxf6
30.Rf3 Rxf3 31.Nxf3 Bd6 32.Ba3 Bf4 33.Qe1 Qc7 34.Rb1 Rxb1 35.Qxb1 Nf7 36.Bg6 Nd6
37.Qb4 a5 38.Qc5 Bxa4 39.Ne5 Qxc5 40.Bxc5 Kc7 41.Nf7 Nxf7 42.Bxf7 Bd6 43.f4 Bxf4
44.Bf8 e5 45.dxe5 d4 46.cxd4 c3 47.Bd6+ Kb7 48.Ba3 c2 49.e6 Bd6 50.Bc1 Bb3
51.Bg8 a4 52.Kf2 Be7 53.Ke2 a3 54.Kd2 a2 55.Bb2 Bb4+  0-1

[Event "Skopje ol (Men) fin-B"]
[Site "Skopje"]
[Date "1972.??.??"]
[Round "1"]
[White "Yanofsky, Daniel Abraham"]
[Black "Skalkotas, Nikolaos"]
[Result "1/2-1/2"]
[WhiteElo "2460"]
[BlackElo "2245"]

1.e4 e6 2.d4 d5 3.Nd2 Nc6 4.Ngf3 Nf6 5.e5 Nd7 6.Nb3 f6 7.Bb5 Be7 8.O-O fxe5
9.dxe5 O-O 10.Bxc6 bxc6 11.Nbd4 Nb8 12.Re1 c5 13.Nb3 c4 14.Nbd2 c5 15.c3 Nc6
16.Nf1 Bd7 17.Ng3 Be8 18.h3 Bg6 19.Nh2 Qe8 20.Qa4 Rc8 21.Qd1 Qf7 22.Qf3 h6
23.Qxf7+ Rxf7 24.Nf3 Rcf8 25.Be3 Rb8 26.Bc1 a5 27.Ne2 Rbf8 28.Ng3 a4 29.Re2 Bd3
30.Re1 g5 31.Nh2 Kh7 32.Ng4 Kg6 33.f3 h5 34.Nf2 Bf5 35.Nf1 Kh7 36.Ng3 Bg6
37.Bd2 Rb8 38.Bc1 Kg7 39.Re2 Rb6 40.Kh1 Rb8 41.Re1 Rbf8 42.Kg1 Rh8 43.Re2 Bd3
44.Re1 Bf5 45.b3 cxb3 46.axb3 axb3 47.Ra6 Nd8 48.Nxf5+ Rxf5 49.Ba3 Re8 50.Nd3 c4
51.Bxe7 Rxe7 52.Nb4 Rb7 53.Rd6 Nf7 54.Rxe6 d4 55.Nd5 b2 56.Rb1 Rxe5 57.Rxe5 Nxe5
58.cxd4 Nc6 59.Nc3 Nxd4 60.Kf2 Nc2 61.Na4 c3 62.Nxc3 Na3 63.Re1 Rc7 64.Re2 Rxc3
65.Rxb2 Nc4 66.Ra2 h4 67.Ke2 Re3+ 68.Kf2 Rc3 69.Ke2 Kf6 70.Ra8 Rb3 71.Rf8+ Kg7
72.Re8 Kf7 73.Re4 Rb2+ 74.Kd3 Nd6 75.Rg4 Kg6 76.f4 Rb3+ 77.Ke2 Rg3 78.Rxg3 hxg3
79.Kf3 Nf5 80.Kg4 gxf4 81.Kxf4 Kf6 82.h4  1/2-1/2

[Event "Skopje ol (Men) fin-B"]
[Site "Skopje"]
[Date "1972.??.??"]
[Round "2"]
[White "Thorsteinsson, Thorsteinn"]
[Black "Skalkotas, Nikolaos"]
[Result "1/2-1/2"]
[WhiteElo "2415"]
[BlackElo "2245"]

1.e4 e6 2.d4 d5 3.Nd2 Nc6 4.Ngf3 Nf6 5.e5 Nd7 6.Bb5 f6 7.exf6 Qxf6 8.Qe2 Bd6
9.O-O O-O 10.Re1 Nb4 11.Ba4 Nb6 12.Bb3 c5 13.c3 Nc6 14.Bc2 Bd7 15.Nf1 e5
16.Bg5 Qf7 17.Be3 Qe7 18.dxc5 Bxc5 19.Bxc5 Qxc5 20.Qe3 d4 21.Bb3+ Kh8 22.cxd4 exd4  1/2-1/2

[Event "Skopje ol (Men) fin-B"]
[Site "Skopje"]
[Date "1972.??.??"]
[Round "9"]
[White "Cardoso, Radolfo Tan"]
[Black "Skalkotas, Nikolaos"]
[Result "1-0"]
[WhiteElo "2200"]
[BlackElo "2245"]

1.e4 e6 2.d4 d5 3.Nd2 Nc6 4.Ngf3 Nf6 5.e5 Nd7 6.Bb5 f6 7.Qe2 fxe5 8.dxe5 a6
9.Bxc6 bxc6 10.h4 Nb6 11.Ng5 Bd7 12.Qg4 Qe7 13.Nxh7 O-O-O 14.Ng5 g6 15.a4 Bh6
16.Ndf3 Kb7 17.a5 Nc8 18.Be3 c5 19.b4 cxb4 20.Qd4 Bf8 21.Rb1 c5 22.Qf4 d4
23.Bxd4 cxd4 24.Nxd4 Qc5 25.O-O Be7 26.Ngxe6 Bxe6 27.Nxe6 Qxa5 28.Nxd8+ Rxd8
29.c3 Qb6 30.cxb4 Rd4 31.Qf3+ Kb8 32.g3 Bxb4 33.Rfd1 a5 34.Rxd4 Qxd4 35.e6 Qe5
36.Qc6 Qc7 37.Qd7 Qc2 38.Rd1 Qc5 39.Rd5 Qe7  1-0

[Event "Skopje ol (Men) fin-A"]
[Site "Skopje"]
[Date "1972.??.??"]
[Round "12"]
[White "Andersson, Ulf"]
[Black "Hug, Werner"]
[Result "1/2-1/2"]
[WhiteElo "2535"]
[BlackElo "2475"]

1.e4 e6 2.d4 d5 3.Nd2 Nc6 4.Ngf3 Nf6 5.e5 Nd7 6.Nb3 Be7 7.Bb5 Ncb8 8.c3 b6
9.h4 c5 10.Rh3 Ba6 11.Bxa6 Nxa6 12.h5 h6 13.Rg3 Bf8 14.Kf1 Qc7 15.Kg1 O-O-O
16.Be3 Nab8 17.Qe2 Nc6 18.Rc1 c4 19.Nbd2 b5 20.a3 Ne7 21.Nh4 Nb6 22.Qg4 Qd7
23.Rf3 Nc6 24.Nf1 Re8 25.Rh3 Na4 26.Rc2 a5 27.f4 Be7 28.Rf3 Bxh4 29.Qxh4 g6
30.g4 Reg8 31.Kh1 Qd8 32.Qh3 gxh5 33.Qxh5 Qe8 34.Bf2 Rg6 35.Bh4 b4 36.axb4 axb4
37.Ne3 Qg8 38.Bf6 Rh7 39.Rh3 Qe8 40.Kh2 Nb6 41.Bh4 Rg8 42.f5 Nd7 43.Rf2 Rhh8
44.Re2 Kb7 45.Ng2 Rg7 46.Nf4 Rhg8 47.Rg3 Rh8 48.fxe6 fxe6 49.Bf6 Rg5 50.Qxe8 Rxe8
51.Bxg5 hxg5 52.Nh3 Rg8 53.Rf3 Rg7 54.Re1 Kb6 55.Kg3 Kb5 56.Ra1 Nb6 57.Rf6 Na4
58.Rb1 Nxd4 59.cxd4 Nxb2 60.Rxb2 c3 61.Re2 b3 62.Rf8 Rc7 63.Nxg5 c2 64.Re1 Rc6
65.Rff1 Kb4 66.Nf3 b2 67.Rc1 Ka3 68.g5 bxc1=Q 69.Rxc1 Kb2 70.Rf1 c1=Q 71.Rxc1 Rxc1
72.g6 Rc8 73.Kg4 Kc3 74.Kg5 Rf8  1/2-1/2

[Event "Stary Smokovec"]
[Site "Stary Smokovec"]
[Date "1972.??.??"]
[Round "8"]
[White "Kostro, Jerzy"]
[Black "Fichtl, Jiri"]
[Result "0-1"]
[WhiteElo "2385"]
[BlackElo "2385"]

1.e4 e6 2.d4 d5 3.Nd2 Nc6 4.Ngf3 Nf6 5.e5 Nd7 6.Nb3 a5 7.a4 Be7 8.h4 h6 9.Bb5 Ncb8
10.h5 b6 11.Bf4 Ba6 12.Bxa6 Nxa6 13.c3 c5 14.Rh3 Nab8 15.Qe2 Nc6 16.Nh2 Qc7
17.Qg4 Bf8 18.Kf1 Qb7 19.Kg1 Qa6 20.Re3 Rb8 21.Qe2 Qxe2 22.Rxe2 Be7 23.Nf3 O-O
24.g3 Rb7 25.Kg2 Rfb8 26.Bc1 b5 27.dxc5 Bxc5 28.Nbd4 Bxd4 29.cxd4 bxa4 30.Rxa4 Rb4
31.Rxb4 Rxb4 32.Be3 Nb6 33.Rc2 Nc4 34.Bc1 a4 35.Rc3 Kf8 36.Kf1 Ke8 37.Ke2 Kd7
38.Kd3 Nxb2+ 39.Bxb2 Rxb2 40.Rc2 Nb4+  0-1

[Event "CSR-ch"]
[Site "Trinec"]
[Date "1972.??.??"]
[Round "3"]
[White "Franzen, Josef"]
[Black "Fichtl, Jiri"]
[Result "0-1"]
[WhiteElo "2330"]
[BlackElo "2385"]

1.e4 e6 2.d4 d5 3.Nd2 Nc6 4.Ngf3 Nf6 5.e5 Nd7 6.Nb3 a5 7.a4 Be7 8.c3 b6 9.Bd3 Ba6
10.Bxa6 Rxa6 11.h4 Ra8 12.Ng5 Nf8 13.Qh5 Bxg5 14.Bxg5 Qd7 15.Rh3 h6 16.Be3 Ne7
17.Qe2 h5 18.Bg5 Ng8 19.Rg3 g6 20.c4 Nh7 21.Bd2 Ne7 22.c5 Nf5 23.Rh3 Qc6
24.Qd3 f6 25.Bf4 g5 26.hxg5 fxg5 27.Bd2 h4 28.Qe2 Qd7 29.Qh5+ Qf7 30.Qxf7+ Kxf7
31.cxb6 cxb6 32.Rc1 Rhc8 33.Rhc3 Rxc3 34.Rxc3 g4 35.Rc7+ Ne7 36.Kf1 Rc8 37.Rxc8 Nxc8
38.Nc1 Kg6 39.Ne2 Kf5 40.Nc3 Ne7 41.f3 gxf3 42.gxf3 Nc6 43.Ne2 Nb4 44.Bxb4 axb4
45.b3 Nf8 46.Nc1 Ng6 47.Nd3 Nf4 48.Nf2 h3 49.Ke1 h2 50.Kd2 Nh3  0-1

[Event "CSR-ch"]
[Site "Trinec"]
[Date "1972.??.??"]
[Round "7"]
[White "Pribyl, Josef"]
[Black "Fichtl, Jiri"]
[Result "1/2-1/2"]
[WhiteElo "2435"]
[BlackElo "2385"]

1.e4 e6 2.d4 d5 3.Nd2 Nc6 4.Ngf3 Nh6 5.Bb5 Bd7 6.O-O Be7 7.Re1 O-O 8.c3 a6
9.Bd3 f5 10.exd5 exd5 11.Qc2 g6 12.Nf1 Ng4 13.h3 Nf6 14.Bh6 Re8 15.Ne3 Bc8
16.Re2 Ne4 17.Rae1 Be6 18.Ne5 Nxe5  1/2-1/2

[Event "JUG-ch"]
[Site "Umag"]
[Date "1972.??.??"]
[Round "16"]
[White "Matulovic, Milan"]
[Black "Ljubojevic, Ljubomir"]
[Result "1/2-1/2"]
[WhiteElo "2525"]
[BlackElo "2550"]

1.e4 e6 2.d4 d5 3.Nd2 Nc6 4.Ngf3 Nf6 5.e5 Ne4 6.c3 f5 7.exf6 Nxf6 8.Bb5 Bd6
9.O-O Bd7 10.Re1 Qe7 11.a4 O-O 12.Ne5 Be8 13.f4 Bh5 14.Qc2 g5 15.fxg5 Nxe5
16.gxf6 Qxf6 17.Rf1 Qg6 18.Qxg6+ Nxg6 19.Rxf8+ Rxf8 20.Nf1 c6 21.Bd3 Nf4
22.Bxf4 Bxf4 23.Re1 Re8 24.Ng3 Bf7 25.Nf1 e5 26.g3 Bh6 27.dxe5 Bg7 28.Nd2 Rxe5
29.Rxe5 Bxe5 30.Nf3 Bf6 31.Kf2  1/2-1/2

[Event "Netanya-B"]
[Site "Netanya"]
[Date "1973.??.??"]
[Round "9"]
[White "Ostojic, Predrag"]
[Black "Lederman, Leon"]
[Result "1-0"]
[WhiteElo "2440"]
[BlackElo "2200"]

1.e4 e6 2.d4 d5 3.Nd2 Nc6 4.Ngf3 Nf6 5.e5 Nd7 6.Nb3 b6 7.a4 a5 8.Bb5 Na7
9.Bg5 Be7 10.Bxe7 Qxe7 11.Be2 O-O 12.O-O Nc6 13.c3 Bb7 14.Re1 Ncb8 15.Bd3 c5
16.Bc2 Rc8 17.Qd2 Nc6 18.Qf4 Nf8 19.h4 Ba6 20.h5 Rab8 21.Re3 Bc4 22.Nbd2 cxd4
23.Nxd4 Nxd4 24.Qxd4 Ba6 25.Rg3 Nd7 26.Re1 b5 27.Qg4 Qf8 28.axb5 Bxb5 29.Nf3 Kh8
30.Nd4 Nc5 31.Ree3 a4 32.Ref3 Bd7 33.Qf4 Ne4 34.Rg4 f5 35.exf6 Nxf6 36.Rg5 h6
37.Rg6 e5 38.Qxe5 Re8 39.Qc7 Re1+ 40.Kh2 Qe8 41.Rfxf6  1-0

[Event "Netanya-A"]
[Site "Netanya"]
[Date "1973.??.??"]
[Round "11"]
[White "Tatai, Stefano"]
[Black "Camara, Helder"]
[Result "1-0"]
[WhiteElo "2460"]
[BlackElo "2405"]

1.e4 e6 2.d4 d5 3.Nd2 Nc6 4.Ngf3 dxe4 5.Nxe4 Be7 6.c3 Nf6 7.Bd3 Nxe4 8.Bxe4 Bd7
9.O-O O-O 10.Re1 Bf6 11.Bf4 Ne7 12.Ne5 Ng6 13.Nxg6 hxg6 14.Bxb7 Rb8 15.Qf3 g5
16.Bc1 g4 17.Qe4 Bg5 18.Ba6 Bxc1 19.Raxc1 Rxb2 20.Re2 Qg5 21.Qe3 Qxe3 22.fxe3 Rfb8
23.Rce1 f5 24.Bd3 Bc6 25.Kf2 Kf7 26.Rxb2 Rxb2+ 27.Re2 Rb6 28.Kg3 Kf6 29.Rf2 Kg5
30.h4+ gxh3 31.gxh3 g6 32.h4+ Kf6 33.e4 Bb5 34.c4 Bd7 35.Kf4 Ra6 36.e5+ Kf7
37.Rb2 Bc6 38.Ke3 g5 39.hxg5 Ra3 40.Rb3 Rxa2 41.Rb8 Ra3 42.d5 f4+ 43.Kd4 exd5
44.Rc8 dxc4 45.Rxc7+ Kf8 46.Bg6 Bb5 47.e6 Re3 48.Rf7+ Kg8 49.Rxf4 Rg3 50.Rf5 Rd3+
51.Kc5 a6 52.Re5 Rd8 53.Kb4 Rb8 54.Kc3 Kg7 55.Bf7 Rh8 56.Re3 Rh1 57.g6 Rh8
58.e7 Be8 59.Bxe8 Rxe8 60.Re6 a5 61.Kxc4 a4 62.Kb4 Kh6 63.Kxa4 Kg5 64.g7  1-0

[Event "Oslo CI"]
[Site "Oslo"]
[Date "1973.??.??"]
[Round "7"]
[White "Bednarski, Jacek B"]
[Black "Johannessen, Svein"]
[Result "1/2-1/2"]
[WhiteElo "2400"]
[BlackElo "2425"]

1.e4 e6 2.d4 d5 3.Nd2 Nc6 4.Ngf3 Nf6 5.e5 Nd7 6.Nb3 Be7 7.Bb5 O-O 8.O-O Ncb8
9.Re1 b6 10.c3 Ba6 11.Bxa6 Nxa6 12.Qd3 Ndb8 13.Bf4 c5 14.Qe3 Nc6 15.a3 Qd7
16.Bg5 Rfc8 17.Rac1 Bf8 18.h4 Na5 19.Nxa5 bxa5 20.Qe2 Qb7 21.c4 dxc4 22.Rxc4 cxd4
23.Rxd4 Nc5 24.Rg4 Qb3 25.Rd1 Rab8 26.Rd2 h5 27.Rf4 Qb5 28.Rc4 Qb7 29.Rdc2 Nd7
30.Be3 g6 31.Rxc8 Rxc8 32.Rxc8 Qxc8 33.Bxa7 Qc1+ 34.Kh2 Qc7 35.Bd4 Bg7 36.g3 Qb7
37.Bc3 a4 38.Qe3 Nb6 39.Qe2 Qd5 40.Bd4 Nc4 41.Bc3 Qc5 42.Bd4 Qd5 43.Kg2 Bf8
44.Qc2 Qc6 45.Qc3 Qd5 46.Qc2  1/2-1/2

[Event "Rubinstein mem"]
[Site "Polanica Zdroj"]
[Date "1973.??.??"]
[Round "10"]
[White "Nicevski, Risto"]
[Black "Markland, Peter R"]
[Result "1-0"]
[WhiteElo "2440"]
[BlackElo "2420"]

1.e4 e6 2.d4 d5 3.Nd2 Nc6 4.Ngf3 Nf6 5.e5 Ne4 6.c3 f5 7.exf6 Nxf6 8.Bb5 Bd6
9.O-O O-O 10.Re1 Bd7 11.Nf1 Qe7 12.Ng3 Rae8 13.b4 Qd8 14.a4 a6 15.Bf1 Ne7
16.Ne5 Kh8 17.Ra2 Nf5 18.Bg5 Qc8 19.Bd3 b5 20.Qe2 Nxg3 21.hxg3 Bxe5 22.dxe5 Ne4
23.Bxe4 dxe4 24.axb5 Bxb5 25.Qxe4 c5 26.c4 Bc6 27.Qb1 Qb7 28.bxc5 Bxg2 29.f4 Qxb1
30.Rxb1 Be4 31.Rb6 h6 32.Bh4 Bd3 33.c6 Rf7 34.Rd2 g5 35.fxg5 Bxc4 36.g6 Rf1+
37.Kg2 Rc1 38.Rb7  1-0

[Event "ARG-ch"]
[Site "Santa Fe"]
[Date "1973.??.??"]
[Round "5"]
[White "Debarnot, Roberto"]
[Black "Leskovar, Mario"]
[Result "0-1"]
[WhiteElo "2405"]
[BlackElo "2200"]

1.d4 e6 2.e4 d5 3.Nd2 Nc6 4.Ngf3 Nf6 5.e5 Nd7 6.Bb5 f6 7.O-O fxe5 8.dxe5 Be7
9.Re1 O-O 10.Bxc6 bxc6 11.Nd4 Nb8 12.Qg4 Qe8 13.Re3 c5 14.Rg3 Qf7 15.Rf3 Qg6
16.Qxg6 hxg6 17.Rxf8+ Kxf8 18.N4f3 c4 19.b3 cxb3 20.axb3 c5 21.Ra4 Bd7 22.Rg4 Nc6
23.Rxg6 a5 24.Rg4 Nb4 25.c3 Na2 26.Bb2 Rb8 27.Nh4 Be8 28.Ng6+ Bxg6 29.Rxg6 c4
30.Rxe6 a4 31.b4 d4 32.Ne4 dxc3 33.Bxc3 Bxb4 34.Bd4 a3 35.Ra6 c3 36.Nxc3 Nxc3
37.Kf1 Nb5 38.Be3 Nc7 39.Ra7 Rc8 40.Ke2 Nb5 41.Ra6 a2  0-1

[Event "URS-ch sf"]
[Site "Tbilisi"]
[Date "1973.??.??"]
[Round "5"]
[White "Gufeld, Eduard"]
[Black "Vaganian, Rafael A"]
[Result "0-1"]
[WhiteElo "2500"]
[BlackElo "2500"]

1.e4 e6 2.d4 d5 3.Nd2 Nc6 4.c3 e5 5.exd5 Qxd5 6.Ngf3 exd4 7.Bc4 Qc5 8.O-O dxc3
9.bxc3 Bf5 10.Qa4 Qa5 11.Qb3 O-O-O 12.Bxf7 Nh6 13.Nc4 Qa6 14.Bxh6 gxh6 15.Ne3 Bd3
16.Bc4 Bxc4 17.Nxc4 Bg7 18.Rad1 Kb8 19.Ne3 Qa5 20.c4 Qc5 21.Qb5 Qxb5 22.cxb5 Nb4
23.Nf5 Bf6 24.a4 Na2 25.Nxh6 Nc3 26.Rde1 Rhf8 27.Ng4 Nxa4 28.Nxf6 Rxf6 29.Re7 Nc3
30.Rxh7 Nxb5 31.Ne5 Kc8 32.f4 Nd4 33.g3 a5 34.Kf2 Nb3 35.Ke2 a4 36.Rd1 a3
37.Rxd8+ Kxd8 38.Rh8+ Ke7 39.Ra8 a2 40.Kd3 Ra6  0-1

[Event "URS-ch sf"]
[Site "Tbilisi"]
[Date "1973.??.??"]
[Round "14"]
[White "Giorgadze, Tamaz"]
[Black "Vaganian, Rafael A"]
[Result "1/2-1/2"]
[WhiteElo "2395"]
[BlackElo "2500"]

1.e4 e6 2.d4 d5 3.Nd2 Nc6 4.Ngf3 Nf6 5.e5 Nd7 6.Nb3 f6 7.exf6 Qxf6 8.Bg5 Qf7
9.Bh4 Bd6 10.Bb5 h6 11.Bg3 O-O 12.O-O a6 13.Bxc6 bxc6 14.Qd2 Qf6 15.Rfe1 c5
16.dxc5 Nxc5 17.Nxc5 Bxc5 18.c4 Rb8 19.Re2 dxc4 20.Ne5 Rd8 21.Qc2 Bb7 22.Nxc4 Bd6
23.Rae1 Bd5 24.b3 Bb4 25.Rc1 Bd6 26.Rce1 Bb4 27.Rc1 Bd6 28.Rce1 Bb4  1/2-1/2

[Event "URS-ch sf"]
[Site "Tbilisi"]
[Date "1973.??.??"]
[Round "16"]
[White "Makarichev, Sergey"]
[Black "Vaganian, Rafael A"]
[Result "0-1"]
[WhiteElo "2390"]
[BlackElo "2500"]

1.e4 e6 2.d4 d5 3.Nd2 Nc6 4.Ngf3 Nf6 5.e5 Nd7 6.Be2 f6 7.exf6 Qxf6 8.Nf1 e5
9.dxe5 Ndxe5 10.Qxd5 Be6 11.Qb5 a6 12.Qa4 O-O-O 13.Nxe5 Qxe5 14.c3 Bb4 15.cxb4 Bc4
16.Ne3 Bxe2 17.Kxe2 Nd4+ 18.Ke1 Rhe8 19.Bd2 Qe4 20.Kd1 Qd3 21.Re1 Nb3 22.Re2 Nxa1
23.Ke1 Rxe3 24.fxe3 Nc2+ 25.Kd1 Nxe3+ 26.Ke1 Qb1+ 27.Kf2 Ng4+  0-1

[Event "BCF-ch"]
[Site "Clacton on Sea"]
[Date "1974.08.06"]
[Round "2"]
[White "Bennett, Gerald H"]
[Black "Hempson, Peter W"]
[Result "1/2-1/2"]
[WhiteElo "2200"]
[BlackElo "2200"]

1.e4 e6 2.d4 d5 3.Nd2 Nc6 4.Ngf3 Nf6 5.e5 Nd7 6.Nb3 Be7 7.Bb5 O-O 8.O-O Qe8
9.Re1 Nd8 10.c3 f5 11.exf6 gxf6 12.Bf4 c6 13.Bf1 Kh8 14.Bg3 Rg8 15.Nc1 Nf8
16.Nd3 Nf7 17.Nf4 Nd6 18.Bd3 Qf7 19.Qc2 Bd7 20.b3 Ng6 21.Nh5 Nh4 22.Nxh4 Qxh5
23.Nf5 Nxf5 24.Bxf5 exf5 25.Rxe7 Rg7 26.Rxg7 Kxg7 27.Re1 Re8  1/2-1/2

[Event "BCF-ch"]
[Site "Clacton on Sea"]
[Date "1974.08.09"]
[Round "5"]
[White "Bellin, Robert"]
[Black "Haygarth, Michael J"]
[Result "1/2-1/2"]
[WhiteElo "2355"]
[BlackElo "2200"]

1.e4 e6 2.d4 d5 3.Nd2 Nc6 4.Ngf3 Nf6 5.e5 Nd7 6.Nb3 Be7 7.Bb5 Ncb8 8.Bd3 b6
9.Qe2 Bb7 10.O-O O-O 11.Bf4 c5 12.c4 cxd4 13.cxd5 Bxd5 14.Nfxd4 Nc5 15.Nxc5 Bxc5
16.Nb3 Be7 17.Rfd1 Nc6 18.Be4 Qd7 19.Bxd5 exd5 20.Rac1 Rac8 21.Bg3 Rfd8 22.a3 Qe6
23.f4 f6 24.Rc3 fxe5 25.fxe5 d4 26.Qc4 Qxc4 27.Rxc4 Bg5  1/2-1/2

[Event "BCF-ch"]
[Site "Clacton on Sea"]
[Date "1974.08.13"]
[Round "8"]
[White "Penrose, Jonathan"]
[Black "Hempson, Peter W"]
[Result "1-0"]
[WhiteElo "2450"]
[BlackElo "2200"]

1.e4 e6 2.d4 d5 3.Nd2 Nc6 4.Ngf3 Nf6 5.e5 Nd7 6.Nb3 Be7 7.Bb5 O-O 8.O-O Ncb8
9.Be3 b6 10.c3 c6 11.Bd3 Ba6 12.Nc1 c5 13.Bxa6 Nxa6 14.Nd3 f6 15.exf6 gxf6
16.Qe2 Rf7 17.Rfe1 c4 18.Nf4 Nc7 19.Rad1 Nf8 20.Bc1 Qd7 21.h3 Bd6 22.Nh2 Rg7
23.Ng4 Qe7 24.Qf3 Bxf4 25.Bxf4 Ne8 26.Nh6+ Kh8 27.Nf5 Qd7 28.Nxg7 Nxg7 29.Rd2 a5
30.Rde2 a4 31.a3 Ng6 32.Bh2 Rg8 33.Qxf6 Rf8 34.Qg5 Rf5 35.Qd2 Kg8 36.Be5 Nh5
37.Qh6 Nhf4 38.Bxf4 Nxf4 39.Rxe6  1-0